LEADER 01335nam a2200289 i 4500 001 000000167775 003 CaOOAMICUS 005 20071207000000.0 008 071207s1966 it u000 u ita u 013 $a145174 040 $aSeMil$bita 100 1 $aPappalettera, Vincenzo.$0(OLS)http://semarc/name/39711 245 10$aTu passerai per il camino :$bvita e morte a Mauthausen /$cVincenzo Pappalettera ; Prefazione di Piero Caleffi. 250 $a14. ed. 260 $aS.l. :$bU. Mursia & C.,$c1966. 300 $aVIII, 256 p., [24] p. di tav., [1] c. geografica ;$c22 cm. 490 0 $aTestimonianze fra cronaca e storia ;$v7 500 $aContiene : Bibliografia. 650 4$aCampi di concentramento.$0(OLS)http://semarc/subject/5438 650 4$aCampi di concentramento - Austria - Mauthausen.$0(OLS)http://semarc/subject/27750 700 1 $aCaleffi, Piero.$0(OLS)http://semarc/name/52777 830 0$aTestimonianze fra cronaca e storia [Mursia] ;$v7.$0(OLS)http://semarc/title/17659 850 $aSeMil 852 $aSeMil$W1$xVenegono$y1$m3V II 15$j118911$B118911$CSeMilBibl$Z2$F130714 $81 961 $aOmaggio: Braschi don Francesco 996 $6245$aTu passerai per il camino :$bvita e morte a Mauthausen$9(OLS)http://semarc/title/240048 996 $6260$aS.l. :$bU. Mursia & C.$9(OLS)http://semarc/publisher/47345 LEADER 01378nam a2200277 4500 001 000000366202 003 CaOOAMICUS 005 20260323085834.0 008 260202s1992 it 000 u ita r 020 $a88-7706-099-9 040 $aSeMil$bita 245 00$aPersona e personalismo :$baspetti filosofici e teologici /$cinterventi di Enrico Berti ... [et. al.] ; a cura della Facoltà Teologica dell'Italia Settentrionale, sezione di Padova. 264 1$aPadova :$bFondazione Lanza :$bGregoriana libreria editrice,$c1992. 300 $a203 p. ;$c21 cm 490 1 $aProgetti ;$v3 650 4$aPersonalismo.$0(OLS)http://semarc/subject/7982 700 1 $aBerti, Enrico,$d<1935-2022>.$0(OLS)http://semarc/name/5830 710 2 $aFacoltà Teologica dell'Italia Settentrionale : Sezione di Padova.$0(OLS)http://semarc/name/123677 830 0$aProgetti ;$v3.$0(OLS)http://semarc/title/9694 850 $aSeMil 852 $aSeMil$W1$xVenegono$y1$m2P VII 594$j268778$B256973$CSeMilBibl$Z2$F256973 $81 961 $aBuzzi mons. Franco - Omaggio 996 $6020$a88-7706-099-9$9(OLS)http://semarc/number/305184 996 $6245$aPersona e personalismo :$baspetti filosofici e teologici$9(OLS)http://semarc/title/457928 996 $6264$aPadova :$bFondazione Lanza :$bGregoriana libreria editrice$9(OLS)http://semarc/publisher/62776